Normal view
MARC view
Entry Topical Term
001 - CONTROL NUMBER
- control field: 50689
003 - CONTROL NUMBER IDENTIFIER
- control field: dpl
005 - DATE AND TIME OF LATEST TRANSACTION
- control field: 20120801142923.0
008 - FIXED-LENGTH DATA ELEMENTS
- fixed length control field: 120801|||a|||||| | ||| d
040 ## - CATALOGING SOURCE
- Original cataloging agency: dpl
- Transcribing agency: dpl
150 ## - HEADING--TOPICAL TERM
- Topical term or geographic name as entry element: National security
- Geographic subdivision: South Asia.
670 ## - SOURCE DATA FOUND
- Source citation: Work cat.: (dpl)50608: South Asia’s weak states : , 2011
670 ## - SOURCE DATA FOUND
- Source citation: Work cat.: (dpl)50608: South Asia’s weak states : , 2011
